000 00413nam a22001577a 4500
999 _c3852
_d3852
008 200703b ||||| |||| 00| 0 eng d
082 0 0 _a624.171076
_bM3671
100 _93180
_aMarshall, W. T.
245 1 0 _aSolutions of problems in structures
_cby W. T. Marshall
250 _a1st ed.
260 _aLondon
_bPitman
_c1958
300 _avii,343p.
365 _d18.00
650 0 _aStructural Analysis
942 _cBK